| 000 | 01099nmm a2200313 a 4500 | ||
|---|---|---|---|
| 003 | AR-BaBNM | ||
| 005 | 20251128205417.0 | ||
| 008 | 097119s1996 ||||||||||||||000 | spa|| | ||
| 020 | _a950-802-045-8 | ||
| 040 | _cAR-BaBNM | ||
| 110 | 2 |
_aUniversidad Nacional de Entre Ríos _bFacultad de Trabajo Social |
|
| 245 | 1 | 0 | _aLa especificidad del trabajo social y la formación profesional |
| 250 | _a1ª ed. | ||
| 260 |
_aBuenos Aires _bEspacio _c1996 |
||
| 300 | 0 | _a127 p. | |
| 500 | 1 | _aContiene en p. 125: Objetivos, antecedentes y organización de F.A.U.A.T.S. | |
| 504 | _aContiene bibliografía al final de cada artículo | ||
| 610 | 2 | 4 | _aFederación Argentina de Unidades Académicas de Trabajo Social |
| 650 | 4 | _aTRABAJO SOCIAL | |
| 650 | 4 | _aINVESTIGACION SOCIAL | |
| 650 | 4 | _aPROBLEMAS SOCIALES | |
| 650 | 4 | _aTRABAJADORES SOCIALES | |
| 650 | 4 | _aMETODOS DE INVESTIGACION | |
| 653 | 0 | _aCAPACITACION LABORAL | |
| 700 | 1 |
_aJong, Eloísa de _ecompilador |
|
| 711 | 2 |
_aEncuentro Académico Nacional de F.A.U.A.T.S. _cEntre Ríos, Argentina _d1995 |
|
| 942 | _cBK | ||
| 998 | _csilvi | ||
| 999 |
_c11326 _d11326 |
||